Drug abuse and its prevention in the workplace : (Record no. 2797)

000 -LEADER
fixed length control field nam a22 a 4500
003 - CONTROL NUMBER IDENTIFIER
control field AKMAL
005 - DATE AND TIME OF LATEST TRANSACTION
control field 20170518090554.0
008 - FIXED-LENGTH DATA ELEMENTS--GENERAL INFORMATION
fixed length control field 170518s1987 my f00 eng d
040 ## - CATALOGING SOURCE
Original cataloging agency AKMAL
082 04 - DEWEY DECIMAL CLASSIFICATION NUMBER
Classification number 362.2937 DRU
090 00 - LOCALLY ASSIGNED LC-TYPE CALL NUMBER (OCLC); LOCAL CALL NUMBER (RLIN)
Classification number (OCLC) (R) ; Classification number, CALL (RLIN) (NR) 362.2937
Local cutter number (OCLC) ; Book number/undivided call number, CALL (RLIN) DRU
245 00 - TITLE STATEMENT
Title Drug abuse and its prevention in the workplace :
Remainder of title role of the employer
260 ## - PUBLICATION, DISTRIBUTION, ETC.
Place of publication, distribution, etc. (Kuala Lumpur) :
Name of publisher, distributor, etc. Pasukan Petugas Anti Dadah, Majlis Keselamatan Kebang- saan, Jabatan Perdana Menteri,
Date of publication, distribution, etc. (1987)
300 00 - PHYSICAL DESCRIPTION
Extent vii, 67p. :
Other physical details ill. (some col.) ;
Dimensions 25cm
650 #0 - SUBJECT ADDED ENTRY--TOPICAL TERM
Topical term or geographic name entry element Drug abuse
General subdivision Prevention
9 (RLIN) 5909
942 ## - ADDED ENTRY ELEMENTS (KOHA)
Source of classification or shelving scheme
Koha item type Book
Holdings
Withdrawn status Lost status Source of classification or shelving scheme Damaged status Not for loan Collection code Home library Current library Shelving location Date acquired Inventory number Total Checkouts Full call number Barcode Date last seen Price effective from Koha item type
          NON-FICTION AKMAL Melaka AKMAL Melaka PINJAMAN 18.05.2017 300877   362.2937 DRU 201703675 18.05.2017 18.05.2017 Book
Pusat Sumber Maklumat Dato' Haji Sarmin Md Hussin, Akademi Kastam Diraja Malaysia, Melaka
Tel: 06-2331106 | Faks: 06-2313787